| 000 | 00731nam a22002177a 4500 | ||
|---|---|---|---|
| 003 | UA-OsUOA | ||
| 001 | 123253 | ||
| 007 | ta | ||
| 008 | 20170612b un ||||| |||| 00| 0 ukr d | ||
| 100 | _aТорба В. | ||
| 090 |
_a32 _bТ59 |
||
| 942 | _cSA | ||
| 040 |
_aUA-OsUOA _bukr _cUA-OsUOA _dUA-OsUOA |
||
| 245 | _aІнформаційна "гігієна" в умовах війни. Євген Марчук: "Я досі не бачу, що українське медіасередовище відчуває, що наша країна перебуває у стані війни" | ||
| 300 | _aС.4 | ||
| 955 | _a0 | ||
| 041 | _aukr | ||
| 080 | _a32 | ||
| 773 | 0 | _w123252 | |
| 650 | 7 |
_a32 Політика _2UDC |
|
| 999 |
_c410149 _d410149 |
||